Регионална библиотека "Любен Каравелов" - Русе

Експлоатация на машините в животновъдството (Запис номер 45506)

MARC детайли
000 -Лидер
Контролно поле с фиксирана дължина 01775nam a2200361 c 4500
003 - Код на организацията, давaща контролен номер
Контролно поле BLK
005 - Дата и час на последна редакция
Контролно поле 20180420221641.0
008 - Елементи от данни с фиксирана дължина
fixed length control field 180408b bul|||||r ||||||| ||bul||
010 ## - Наследен системен номер
LC control number KNG00049302000
040 ## - Източник на каталожния запис
Идентификатор на билиотеката - собственик на записа BLK
041 ## - Код за език
Код за езика на текст/звукозапис или на отделно заглавие Български
Код за езика КДБФ Български
080 ## - УДК
Текстов определител УДК Животновъдни сгради и съоръжения. Ферми. Спомагателни помещения. Оборудване. Вж и 728. 9; 69; 636. 08; 727. 6; 631. 3
УДК код - определител по УДК 631.22
УДК определител (035)
УДК - код + определител 631.22(035)
100 1# - Редна дума - Автор
Автор Вълчев, Борислав Ил.
Авторска отговорност първи автор
R(LIN) 280259
139 ## - Редно поле
Редна дума Вълчев, Борислав Ил. и др.
Авторски знак Вълч - В 95
245 10 - Сведения за заглавието
Заглавие Експлоатация на машините в животновъдството
Подзаглавни данни Ръководство
Редно поле (дума) Борислав Ил. Вълчев; съавт. Марин Димов; съавт. Александър Дамянов.
257 ## - Страна на издаване
Страна на създаване/издаване България
260 ## - Област на издателските данни
-- София
Име на издателя, разпространителя и проч. Земиздат
Година на издаване 1986
Печатница Хасково : печ. Ат. Стратиев
300 ## - Физическа характеристика
Страници 148 с.
Илюстрации и др. със сх., табл.
Размери/Мащаб 20 см
380 ## - Жанр
Жанр Селско стопанство
490 1# - СЕРИИ (Колекции)
Име на серия Култура - качество - ефективност
№: серия 6
500 ## - Общи забележки
Забележка 1 700 тир.
650 #4 - Допълнително описание по предмет – тема
Основно описание – тема или топоним Животновъдство - механизация - наръчници и ръководства
9 (RLIN) 280262
650 #4 - Допълнително описание по предмет – тема
Основно описание – тема или топоним Животновъдни ферми, частни - наръчници и ръководства
9 (RLIN) 280263
653 ## - Ключова дума – ненормативна
Ключова дума животновъдство
653 ## - Ключова дума – ненормативна
Ключова дума механизация
700 1# - Други автори (авторска отговорност)
Лично име Димов, Марин
Автороска отговорност (Описва отношението между автора и произведението) съавт.
9 (RLIN) 280260
700 1# - Други автори (авторска отговорност)
Лично име Дамянов, Александър
Автороска отговорност (Описва отношението между автора и произведението) съавт.
9 (RLIN) 280261
852 ## - Местоположение
Форматна сигнатура Цб 143265
856 4# - Електронен адрес и достъп
Електронен формат pdf - файл
Път до файла /url/
856 4# - Електронен адрес и достъп
Електронен формат pdf - файл
Път до файла /url/
942 ## - АРТИКУЛИ
Вид на библиотечния материал Книги
Скрит в OPAC Не
944 ## - СЪЗДАВАНЕ И РЕДАКЦИЯ на ЗАПИСА
Създаване/Редакция Създаване
Дата на регистрацията/редакция 31.08.2016
Служител, извършил регистрацията/редакцията Правда_Бадева
944 ## - СЪЗДАВАНЕ И РЕДАКЦИЯ на ЗАПИСА
Създаване/Редакция Редакция
Дата на регистрацията/редакция 31.08.2016
Служител, извършил регистрацията/редакцията Правда_Бадева
999 ## - СИСТЕМНИ КОНТРОЛНИ НОМЕРА
Koha biblionumber 45506
Koha biblioitemnumber 45506
Наличности
Код за отписване Код за изгубен артикул Източник на класификационната схема Код за повреда Коз за рестрикции Код за отдаване Артикулен № Име на библиотеката - собственик Име на библиотеката, в която се намира в момента Статус (Текущо местоположение) Дата на вписване в системата Местоположение - отдел Цена в лева Инвентарен номер Систематично азбучна сигнатура Баркод Номер на екземпляра Цена в евро Служебна бележка Служебен тип на артикула
  Не е изгубен Universal Decimal Classification Не е повреден без рестрикции ползва се в читалня 71613 Регионална библиотека "Любен Каравелов" Русе Регионална библиотека "Любен Каравелов" Русе Хранилище 1986-01-01 Хранилище 0.73 453418 Цб 143265 120000453418 1 0.37 N: стар фонд Дата: 01.01.1986 Книги
Изтеглен Не е изгубен Universal Decimal Classification Не е повреден без рестрикции заемане за дома 71614 Регионална библиотека "Любен Каравелов" Русе Регионална библиотека "Любен Каравелов" Русе Заемна - подръчен фонд 1986-01-01 Заемна - подръчен фонд 0.73 456044 П 631/В 95 456044 2 0.37 N: стар фонд Дата: 01.01.1986 Книги
Vip Innovations Ltd, Rousse, Bulgaria 2025